Canadian fundamentals of nursing (Record no. 2568)

MARC details
000 -LEADER
fixed length control field 00374nam a22001457a 4500
008 - FIXED-LENGTH DATA ELEMENTS--GENERAL INFORMATION
fixed length control field 250320b |||||||| |||| 00| 0 eng d
020 ## - INTERNATIONAL STANDARD BOOK NUMBER
ISBN 9781771721134
245 ## - TITLE STATEMENT
Title Canadian fundamentals of nursing
250 ## - EDITION STATEMENT
Edition statement 6th
260 ## - PUBLICATION, DISTRIBUTION, ETC. (IMPRINT)
Place of publication U.S
Name of publisher Elsevier
Date of publication 2019
300 ## - COLLATION
Pagination xxxiv,1502p
650 ## - TRACINGS
Main Subject Nursing- problems, exercise.
Subdivision (1st) Nursing care
942 ## - ADDED ENTRY ELEMENTS (KOHA)
Item type Books
050 ## - LIBRARY OF CONGRESS CALL NUMBER
Classification number RT41
Item number .C36
Holdings
Source of classification or shelving scheme Not for loan Permanent location Current location Date acquired Accession No. Full call number Barcode. Koha item type
Library of Congress Classification   Medical Library Medical Library 03/20/2025 2024/64054 RT41.C36 2025-0849 Books
Library of Congress Classification   Medical Library Medical Library 03/20/2025 2024/64054 RT41.C36 2025-0850 Books